| 000 | 00760nam a2200217Ia 4500 | ||
|---|---|---|---|
| 003 | 0 | ||
| 005 | 20250130122650.0 | ||
| 008 | 150126s9999 xx 000 0 und d | ||
| 050 |
_aPGS GV 1469.3 _b.F963 2014 |
||
| 100 | _aFulgencio, Cairo Ken Q. | ||
| 245 |
_aComputer games and study habits / _cCairo Ken Q. Fulgencio. |
||
| 260 |
_aLas PiƱas City, Philippines : _bSouthville International School and Colleges, _c2014. |
||
| 300 |
_a36 p. : _bill. ; _c28 cm. |
||
| 504 | _aIncludes bibliographical references. | ||
| 650 |
_aComputer games _vSocial aspects. |
||
| 650 |
_aVideo games _vPsychological aspects. |
||
| 650 | _aVideo games and children. | ||
| 650 | _aStudy habits. | ||
| 650 |
_aElementary school students _vEducation. |
||
| 942 |
_2lcc _cPASS |
||
| 999 |
_c278580 _d278580 |
||